000 01011cam a2200289 i 4500
001 65247
003 Mx-PuUPA
005 20210720100227.0
008 080613s2019 mx grl 000 0 spa d
020 _a9786078610372
040 _aMx-PuUPA
_dMx-PuUPA
_erda
_bspa
_cMx-PuUPA
041 0 _aspa
100 1 _aSerrano Oseguera, Ana María,
_eautor
_911422
245 1 3 _aLa necesaria evolución jurídica de la familia /
_cAna María Serrano Oseguera
250 _a1a. edición
264 1 _aCiudad de México :
_bGrupo Rodrigo Porrúa,
_c2019
300 _a204 páginas ;
_c21 cm
336 _2rdacontent
_atexto
_btxt
337 _2rdamedia
_asin medio
_bn
338 _2rdacarrier
_avolumen
_bnc
650 4 _aRelaciones domésticas (Relaciones familiares)
_xDerecho
650 4 _aDerecho de familia
_xLeyes y reglamentos
650 4 _aRelaciones domésticas (Relaciones familiares)
_xLegislación
942 _2ddc
_cLI
_h346.015026
_iS48
999 _c65247
_d65247